[Event "Helmut-Kohls-Turnier 2016"]
[Site "Dortmund GER"]
[Date "2016.07.13"]
[Round "5.4"]
[White "Pajeken, Jakob Leon"]
[Black "Fluechter, Gregor"]
[Result "1/2-1/2"]
[WhiteElo "2051"]
[BlackElo "2182"]
[WhiteFideId "12942839"]
[BlackFideId "12903396"]
[EventDate "2016.07.09"]

1. e4 c5 2. Nf3 Nc6 3. d4 cxd4 4. Nxd4 e5 5. Nb5 a6 6. Nd6+ Bxd6 7. Qxd6 Qe7 8.
Qd1 Nf6 9. Nc3 d6 10. Bg5 Be6 11. Nd5 Bxd5 12. exd5 Nb8 13. Be2 Nbd7 14. O-O h6
15. Be3 O-O 16. c4 Nh7 17. b4 f5 18. f3 Nhf6 19. Rc1 f4 20. Bf2 a5 21. a3 axb4
22. axb4 b6 23. Qc2 Kh8 24. Bd3 Rfc8 25. Qb3 Rc7 26. Rc2 Qd8 27. Rfc1 Qb8 28.
Bf5 Qb7 29. Qd3 Ra4 30. Qd2 Ra8 31. Be6 Nf8 32. Bf5 N8d7 33. Bg6 Nf8 34. Bd3
N8d7 35. Rf1 Rb8 36. Ra1 Ra8 37. Rca2 Rcc8 38. Qe2 Rcb8 39. Qb2 Kg8 40. Qb3 Kh8
41. Ra3 Rxa3 42. Qxa3 b5 43. cxb5 Nxd5 1/2-1/2

[Event "Helmut-Kohls-Turnier 2016"]
[Site "Dortmund GER"]
[Date "2016.07.13"]
[Round "5.5"]
[White "Gerlagh, Joris"]
[Black "Borchert, Rene"]
[Result "1/2-1/2"]
[WhiteElo "2172"]
[BlackElo "2181"]
[WhiteFideId "1038834"]
[BlackFideId "12990671"]
[EventDate "2016.07.09"]

1. e4 e5 2. Nf3 Nc6 3. d4 exd4 4. Nxd4 Nf6 5. Nxc6 bxc6 6. e5 Qe7 7. Qe2 Nd5 8.
Nd2 g6 9. c4 Ba6 10. Nf3 Bg7 11. Bg5 Qb4+ 12. Qd2 Qxd2+ 13. Kxd2 Nb6 14. b3 O-O
15. Bd3 d6 16. Bf4 Rad8 17. Rae1 c5 18. Kc2 d5 19. Bg5 dxc4 20. Bxc4 Nxc4 21.
Bxd8 Rxd8 22. bxc4 Bxc4 23. Rd1 Bd5 24. Rhe1 c6 25. a3 a5 26. Nd2 Bxg2 27. Nc4
Bd5 28. Kc3 Kf8 29. f4 Ke7 30. Nxa5 Ra8 31. Nc4 Ra4 32. Ne3 Rxa3+ 33. Kb2 Ra2+
34. Kb1 Rxh2 35. Nxd5+ cxd5 36. Rxd5 Rf2 37. Rxc5 Rxf4 38. Rc7+ Ke6 39. Rc6+ Kd7
40. Ra6 Rb4+ 41. Kc2 Rb7 42. e6+ fxe6 43. Raxe6 Bf8 1/2-1/2

[Event "Helmut-Kohls-Turnier 2016"]
[Site "Dortmund GER"]
[Date "2016.07.14"]
[Round "6.1"]
[White "Baerwolf, Steven"]
[Black "Borchert, Rene"]
[Result "1/2-1/2"]
[WhiteElo "2134"]
[BlackElo "2181"]
[WhiteFideId "24658634"]
[BlackFideId "12990671"]
[EventDate "2016.07.09"]

1. d4 d5 2. c4 e6 3. Nc3 Nf6 4. Nf3 Be7 5. g4 O-O 6. Qc2 c5 7. cxd5 cxd4 8. Nxd4
Nxd5 9. Nf3 Nc6 10. Bg2 Nxc3 11. bxc3 e5 12. h3 Qc7 13. O-O Be6 14. Be3 Rac8 15.
Qe4 Rfd8 16. c4 f6 17. Rac1 Qa5 18. Qb1 b6 19. Qb3 Qa6 20. Nd2 Nd4 21. Bxd4 Rxd4
22. Rfd1 Kh8 23. e3 Rd7 24. Bd5 Bxd5 25. cxd5 Rxc1 26. Rxc1 Bc5 27. Ne4 Bf8 28.
Rc6 Rd8 29. Rc7 b5 30. Rc6 Qb7 31. Ng3 a5 32. e4 a4 33. Qc2 Ra8 34. Rc7 Qb6 35.
Ne2 b4 36. Nc1 h6 37. Qc4 b3 38. axb3 axb3 39. Rc6 Qa5 40. Qxb3 Qe1+ 41. Kg2
Qxe4+ 42. Qf3 Qb4 43. Qc3 Qb5 44. Qb3 Qxb3 45. Nxb3 Rd8 1/2-1/2

[Event "Helmut-Kohls-Turnier 2016"]
[Site "Dortmund GER"]
[Date "2016.07.14"]
[Round "6.2"]
[White "Fluechter, Gregor"]
[Black "Gerlagh, Joris"]
[Result "1/2-1/2"]
[WhiteElo "2182"]
[BlackElo "2172"]
[WhiteFideId "12903396"]
[BlackFideId "1038834"]
[EventDate "2016.07.09"]

1. e4 e6 2. d4 d5 3. exd5 exd5 4. Nf3 Bd6 5. c4 Nf6 6. Nc3 O-O 7. a3 dxc4 8.
Bxc4 Re8+ 9. Be3 Ng4 10. O-O Be6 11. Bxe6 Rxe6 12. Qb3 Nd7 13. Rae1 Rg6 14. h3
Nh6 15. Bxh6 Rxh6 16. Ne4 b6 17. Nfg5 Qf8 18. Nxd6 Rxd6 19. Qc2 Rg6 20. Qxc7 Nf6
21. Ne4 Nd5 22. Qc1 Qd8 23. Nc3 Qd7 24. Kh1 Rc8 25. Qd2 Qc6 26. Nxd5 Qxd5 27. f3
Rd6 28. Rc1 Rxc1 29. Rxc1 g6 30. Rd1 Kg7 31. Qd3 Rd7 32. Qe4 Rd6 33. Qxd5 Rxd5
34. Kg1 Kf6 35. Kf2 Ke6 36. Ke3 Rd7 37. Kd3 Kd5 38. Re1 f5 39. Re5+ Kd6 40. f4
Rc7 41. Re1 Kd5 42. b3 Kd6 43. a4 Rc8 44. Kd2 Kd7 45. Re5 Kd6 46. Re1 Kd7 47.
Re5 Kd6 48. Re1 1/2-1/2

[Event "Helmut-Kohls-Turnier 2016"]
[Site "Dortmund GER"]
[Date "2016.07.14"]
[Round "6.3"]
[White "Baltic, Fatih"]
[Black "Pajeken, Jakob Leon"]
[Result "1/2-1/2"]
[WhiteElo "2103"]
[BlackElo "2051"]
[WhiteFideId "12979090"]
[BlackFideId "12942839"]
[EventDate "2016.07.09"]

1. e4 e5 2. Nf3 Nc6 3. Bb5 a6 4. Ba4 Nf6 5. O-O Be7 6. Re1 b5 7. Bb3 d6 8. c3
O-O 9. h3 Na5 10. Bc2 c5 11. d4 Qc7 12. Nbd2 cxd4 13. cxd4 Rd8 14. b3 Bb7 15.
Bb2 Nc6 16. a3 Rac8 17. Rc1 exd4 18. Nxd4 Nxd4 19. Bxd4 Qb8 20. Nf1 Nd7 21. Ne3
Bf8 22. Nf5 Ne5 23. Qh5 Rc6 24. Qg5 f6 25. Qg3 Qc7 26. Bb2 Bc8 27. Nd4 Rb6 28.
f4 Nc6 29. Nxc6 Rxc6 30. Qd3 Re8 1/2-1/2

[Event "Helmut-Kohls-Turnier 2016"]
[Site "Dortmund GER"]
[Date "2016.07.14"]
[Round "6.4"]
[White "Koellner, Ruben Gideon"]
[Black "Van Meegen, Ruud"]
[Result "1-0"]
[WhiteElo "2103"]
[BlackElo "2201"]
[WhiteFideId "12993093"]
[BlackFideId "1034995"]
[EventDate "2016.07.09"]

1. d4 Nf6 2. Nf3 g6 3. Nbd2 d5 4. e3 Bg7 5. b4 a5 6. b5 a4 7. Ba3 O-O 8. c4 c6
9. cxd5 cxd5 10. Bd3 Nbd7 11. O-O Re8 12. Rc1 e5 13. dxe5 Ng4 14. Qc2 Ndxe5 15.
Be2 Bf5 16. Qc7 Bd3 17. Bxd3 Nxd3 18. Qxd8 Rexd8 19. Rc7 Rdc8 20. Rxb7 Rc2 21.
b6 Rxa2 22. Ra7 Rb8 23. b7 Rxb7 24. Ra8+ Bf8 25. Bxf8 h6 26. h3 Nf6 27. Bxh6+
Kh7 28. Bf8 1-0

[Event "Helmut-Kohls-Turnier 2016"]
[Site "Dortmund GER"]
[Date "2016.07.14"]
[Round "6.5"]
[White "Thogersen, Rasmus"]
[Black "Ramsdal, Jens Albert"]
[Result "0-1"]
[WhiteElo "2205"]
[BlackElo "2204"]
[WhiteFideId "1431412"]
[BlackFideId "1429221"]
[EventDate "2016.07.09"]

1. d4 Nf6 2. c4 g6 3. Nc3 Bg7 4. e4 d6 5. Nf3 O-O 6. Be2 Na6 7. O-O e5 8. Be3 h6
9. Ne1 Ng4 10. Bxg4 Bxg4 11. f3 exd4 12. Bxd4 Be6 13. Nc2 Qg5 14. Ne3 Be5 15. f4
Bxf4 16. Rxf4 Qxf4 17. Ned5 Qg5 18. Be3 Qe5 19. Bxh6 Rfe8 20. Bf4 Qh8 21. Bg5
Bxd5 22. Nxd5 Re6 23. Qf3 Qe5 24. Rf1 f5 25. exf5 Rf8 26. g4 gxf5 27. gxf5 Rg6
28. Qh5 Rg7 29. Kh1 Qe4+ 30. Rf3 Qe1+ 31. Kg2 Qd2+ 32. Kh3 Qxg5 33. Ne7+ Qxe7 0-1

[Event "Helmut-Kohls-Turnier 2016"]
[Site "Dortmund GER"]
[Date "2016.07.15"]
[Round "7.1"]
[White "Ramsdal, Jens Albert"]
[Black "Baerwolf, Steven"]
[Result "1/2-1/2"]
[WhiteElo "2204"]
[BlackElo "2134"]
[WhiteFideId "1429221"]
[BlackFideId "24658634"]
[EventDate "2016.07.09"]

1. e4 d6 2. d4 Nf6 3. Nc3 e5 4. Nf3 Nbd7 5. Bc4 Be7 6. O-O O-O 7. Re1 c6 8. a4
b6 9. h3 a6 10. Be3 Bb7 11. Ba2 Qc7 12. Qe2 b5 13. axb5 axb5 14. d5 b4 15. dxc6
bxc3 16. cxb7 Qxb7 17. bxc3 Qxe4 18. Bb3 Qc6 19. Bd2 Rxa1 20. Rxa1 Ra8 21. Rxa8+
Qxa8 22. Qc4 d5 23. Qc7 Qd8 24. Qc6 e4 25. Nd4 Ne5 26. Qb5 Qa8 27. Bg5 Qa1+ 28.
Qf1 Qxc3 29. Nf5 Ng6 30. Be3 Qe5 31. Nxe7+ Nxe7 32. Qa6 h6 33. Qa8+ Kh7 34. Qa7
Qe6 35. Bd4 Nc6 36. Qa4 Nxd4 37. Qxd4 Qc6 38. c4 dxc4 39. Bxc4 Kg6 40. f3 Qd7
41. Qxd7 Nxd7 42. fxe4 Nc5 43. Bd5 Kf6 1/2-1/2

[Event "Helmut-Kohls-Turnier 2016"]
[Site "Dortmund GER"]
[Date "2016.07.15"]
[Round "7.2"]
[White "Van Meegen, Ruud"]
[Black "Thogersen, Rasmus"]
[Result "1-0"]
[WhiteElo "2201"]
[BlackElo "2205"]
[WhiteFideId "1034995"]
[BlackFideId "1431412"]
[EventDate "2016.07.09"]

1. d4 Nf6 2. c4 e6 3. Nf3 c5 4. d5 exd5 5. cxd5 d6 6. Nc3 g6 7. g3 Bg7 8. Bg2
O-O 9. O-O a6 10. a4 Nbd7 11. Nd2 Qc7 12. Qb3 Re8 13. h3 Rb8 14. Ra3 Nh5 15. e4
Ne5 16. Nc4 Nxc4 17. Qxc4 Bd7 18. a5 b5 19. axb6 Rxb6 20. Rxa6 Bxc3 21. Rxb6
Qxb6 22. Qxc3 Rb8 23. Re1 Qb4 24. Re3 f6 25. Qxb4 Rxb4 26. Ra3 Ra4 27. Rxa4 Bxa4
28. Kf1 g5 29. Ke2 Kf7 30. Kd2 h6 31. Kc3 Ng7 32. b4 cxb4+ 33. Kxb4 Bc2 34. Ba3
Ke7 35. Kc3 Bb1 36. f3 Nh5 37. g4 Nf4 38. Bf1 Ba2 39. Bc1 Nxd5+ 40. Kb2 f5 41.
gxf5 1-0

[Event "Helmut-Kohls-Turnier 2016"]
[Site "Dortmund GER"]
[Date "2016.07.15"]
[Round "7.3"]
[White "Pajeken, Jakob Leon"]
[Black "Koellner, Ruben Gideon"]
[Result "1/2-1/2"]
[WhiteElo "2051"]
[BlackElo "2103"]
[WhiteFideId "12942839"]
[BlackFideId "12993093"]
[EventDate "2016.07.09"]

1. e4 d6 2. d4 Nf6 3. Nc3 e5 4. Nf3 exd4 5. Nxd4 Be7 6. Bf4 O-O 7. Qd2 Nc6 8.
O-O-O Nxd4 9. Qxd4 Be6 10. Bc4 Nd7 11. Nd5 Nb6 12. Nxe7+ Qxe7 13. Bd5 Bxd5 14.
exd5 Rfe8 15. f3 Qd7 16. Rhe1 Rxe1 17. Rxe1 Re8 18. Rxe8+ Qxe8 19. b3 Qe1+ 20.
Kb2 f6 21. a4 Kf7 22. Qd3 Nxa4+ 23. bxa4 Qb4+ 24. Qb3 Qxf4 25. Qxb7 Qd4+ 26. Kb3
Qc5 27. Qc6 Qa5 28. c3 Ke7 29. Kc4 Qb6 30. Qxb6 axb6 31. Kb5 Kd7 32. f4 f5 33.
h3 h6 34. h4 h5 35. a5 bxa5 36. Kxa5 Kc8 37. Ka6 Kd8 38. Ka5 Kc8 39. Kb5 Kd7 40.
Kb4 Kd8 41. c4 Kc8 42. Kb5 Kd8 43. g3 g6 44. c5 dxc5 45. Kxc5 Kd7 46. Kc4 Ke7
47. Kb5 Kd6 48. Kc4 c6 49. dxc6 1/2-1/2

[Event "Helmut-Kohls-Turnier 2016"]
[Site "Dortmund GER"]
[Date "2016.07.15"]
[Round "7.4"]
[White "Gerlagh, Joris"]
[Black "Baltic, Fatih"]
[Result "1/2-1/2"]
[WhiteElo "2172"]
[BlackElo "2103"]
[WhiteFideId "1038834"]
[BlackFideId "12979090"]
[EventDate "2016.07.09"]

1. e4 c5 2. Ne2 e5 3. Nbc3 Ne7 4. Nd5 Nxd5 5. exd5 d6 6. g3 Bg4 7. Bg2 Be7 8. d3
O-O 9. Be3 Bxe2 10. Qxe2 Bg5 11. f4 exf4 12. gxf4 Bh4+ 13. Kd2 Nd7 14. c3 b5 15.
Rhg1 Bf6 16. Be4 b4 17. Qh5 bxc3+ 18. bxc3 g6 19. f5 Bg7 20. fxg6 hxg6 21. Bxg6
fxg6 22. Rxg6 Rf7 23. Rag1 Ne5 24. Rxg7+ Rxg7 25. Rxg7+ Kxg7 26. Qh6+ Kg8 27.
Qe6+ Kh8 1/2-1/2

[Event "Helmut-Kohls-Turnier 2016"]
[Site "Dortmund GER"]
[Date "2016.07.15"]
[Round "7.5"]
[White "Borchert, Rene"]
[Black "Fluechter, Gregor"]
[Result "1/2-1/2"]
[WhiteElo "2181"]
[BlackElo "2182"]
[WhiteFideId "12990671"]
[BlackFideId "12903396"]
[EventDate "2016.07.09"]

1. e4 c5 2. c3 Nf6 3. e5 Nd5 4. Nf3 Nc6 5. d4 cxd4 6. cxd4 d6 7. Bc4 Nb6 8. Bb5
dxe5 9. Nxe5 Bd7 10. Nxd7 Qxd7 11. Nc3 e6 12. O-O Be7 13. Qg4 O-O 14. Rd1 Rfd8
15. Bh6 Bf6 16. Bg5 Be7 17. Bxc6 bxc6 18. Rac1 Rac8 19. Bh6 Bf8 20. Bg5 Be7 21.
Bh6 Bf8 22. Bg5 Be7 23. Bh6 Bf8 24. Bg5 Be7 1/2-1/2

[Event "Helmut-Kohls-Turnier 2016"]
[Site "Dortmund GER"]
[Date "2016.07.16"]
[Round "8.1"]
[White "Baerwolf, Steven"]
[Black "Fluechter, Gregor"]
[Result "1/2-1/2"]
[WhiteElo "2134"]
[BlackElo "2182"]
[WhiteFideId "24658634"]
[BlackFideId "12903396"]
[EventDate "2016.07.09"]

1. d4 d5 2. c4 c6 3. Nc3 Nf6 4. e3 e6 5. Nf3 Nbd7 6. Bd3 Be7 7. O-O dxc4 8. Bxc4
b5 9. Bd3 a6 10. e4 Bb7 11. Re1 Rc8 12. Bg5 h6 13. Bh4 O-O 14. Qe2 Nh5 15. Bg3
Nxg3 16. hxg3 Re8 17. Rad1 Qb6 18. Bb1 Rcd8 19. d5 exd5 20. exd5 cxd5 21. Nxd5
Bxd5 22. Rxd5 Bf8 23. Qd3 Nf6 24. Rxd8 Rxd8 25. Qc2 Qc5 26. Qxc5 Bxc5 27. Bc2
Ng4 28. Re2 g6 29. Kf1 Kf8 30. Ne1 Bb6 1/2-1/2

[Event "Helmut-Kohls-Turnier 2016"]
[Site "Dortmund GER"]
[Date "2016.07.16"]
[Round "8.2"]
[White "Baltic, Fatih"]
[Black "Borchert, Rene"]
[Result "1/2-1/2"]
[WhiteElo "2103"]
[BlackElo "2181"]
[WhiteFideId "12979090"]
[BlackFideId "12990671"]
[EventDate "2016.07.09"]

1. e4 e5 2. Nf3 Nc6 3. Bc4 Bc5 4. c3 Nf6 5. d3 O-O 6. O-O a6 7. h3 Ba7 8. Re1 d5
9. exd5 Nxd5 10. Nbd2 f6 11. d4 Kh8 12. dxe5 fxe5 13. Ne4 Be6 14. Neg5 Bg8 15.
Nxh7 Bxh7 16. Qxd5 e4 17. Nd4 Nxd4 18. cxd4 Qf6 19. Be3 Rad8 20. Qe5 Bxd4 21.
Qxf6 Rxf6 22. Red1 c5 23. Rd2 Rfd6 24. Rad1 b5 25. Be2 Bg8 26. b4 Be6 27. Bg4
Bxg4 28. hxg4 Kg8 29. Kf1 Kf7 30. Ke2 Be5 31. Bxc5 Rxd2+ 32. Rxd2 1/2-1/2

[Event "Helmut-Kohls-Turnier 2016"]
[Site "Dortmund GER"]
[Date "2016.07.16"]
[Round "8.3"]
[White "Koellner, Ruben Gideon"]
[Black "Gerlagh, Joris"]
[Result "1/2-1/2"]
[WhiteElo "2103"]
[BlackElo "2172"]
[WhiteFideId "12993093"]
[BlackFideId "1038834"]
[EventDate "2016.07.09"]

1. d4 d5 2. Nf3 Nf6 3. Nbd2 c5 4. e3 Nc6 5. c3 Bg4 6. h3 Bxf3 7. Nxf3 e6 8. Bd3
Bd6 9. O-O O-O 10. Qe2 h6 11. dxc5 Bxc5 12. e4 dxe4 13. Bxe4 Qb6 14. Bc2 Rad8
15. Be3 Bxe3 16. fxe3 Kh8 17. Rab1 Ne7 18. Ne5 Rd5 19. Nc4 Qc5 20. b4 Qc7 21. e4
Rg5 22. e5 Nd7 23. h4 Rg3 24. Nd6 Qxc3 25. Rb3 Qd4+ 26. Qf2 Qxf2+ 27. Rxf2 Rxb3
28. Bxb3 Nxe5 29. Bxe6 N7c6 30. b5 Nd4 31. Bxf7 Ng4 32. Rd2 Nxb5 33. Nxb5 Rxf7
34. Nxa7 Rc7 35. g3 Rc3 36. Kg2 Ne3+ 37. Kf2 Nf5 38. Nb5 Rc5 39. Nd6 Nxd6 40.
Rxd6 Rc2+ 41. Kf3 Rxa2 42. Rb6 Ra1 43. Kf4 Kh7 44. h5 Kg8 45. g4 Ra4+ 46. Kg3
Ra7 47. Kf4 Kf8 48. Kf3 Ke8 49. Rg6 b5 50. Rb6 Ra3+ 51. Kf4 Rb3 52. Rb7 Kf8 53.
Kf5 Rb4 54. g5 Rc4 55. Rxb5 hxg5 1/2-1/2

[Event "Helmut-Kohls-Turnier 2016"]
[Site "Dortmund GER"]
[Date "2016.07.16"]
[Round "8.4"]
[White "Thogersen, Rasmus"]
[Black "Pajeken, Jakob Leon"]
[Result "0-1"]
[WhiteElo "2205"]
[BlackElo "2051"]
[WhiteFideId "1431412"]
[BlackFideId "12942839"]
[EventDate "2016.07.09"]

1. e4 e5 2. Nf3 Nc6 3. Bb5 a6 4. Ba4 Nf6 5. O-O Be7 6. Re1 b5 7. Bb3 d6 8. c3
O-O 9. h3 Na5 10. Bc2 c5 11. d4 Qc7 12. Nbd2 cxd4 13. cxd4 Rd8 14. b3 Bb7 15.
Bb2 Nc6 16. a3 Rac8 17. Rc1 exd4 18. Nxd4 Nxd4 19. Bxd4 Qb8 20. b4 Nd7 21. Qh5
Bf6 22. Nf3 Ne5 23. Ng5 Bxg5 24. Qxg5 Rc4 25. Qd2 Rdc8 26. f4 Nd7 27. Qd3 Qc7
28. Re2 Nf8 29. Bb2 Bxe4 30. Rxe4 Rxc2 31. Rxc2 Qxc2 32. Qd4 f6 33. Re1 Qg6 34.
Qd5+ Kh8 35. f5 Qg3 36. Qf7 h6 37. Kh1 Rc2 38. Qxf8+ Kh7 39. Qa8 Rxb2 40. Qe4
Ra2 0-1

[Event "Helmut-Kohls-Turnier 2016"]
[Site "Dortmund GER"]
[Date "2016.07.16"]
[Round "8.5"]
[White "Ramsdal, Jens Albert"]
[Black "Van Meegen, Ruud"]
[Result "0-1"]
[WhiteElo "2204"]
[BlackElo "2201"]
[WhiteFideId "1429221"]
[BlackFideId "1034995"]
[EventDate "2016.07.09"]

1. e4 c5 2. Nf3 g6 3. d4 cxd4 4. Nxd4 Bg7 5. c4 Nc6 6. Be3 Nf6 7. Nc3 d6 8. Be2
O-O 9. O-O Bd7 10. Nc2 Be6 11. f3 Nd7 12. Qd2 Qa5 13. Rab1 Bxc3 14. bxc3 Nde5
15. Bh6 Nxc4 16. Bxc4 Bxc4 17. Rfe1 Rfe8 18. Rxb7 Rab8 19. Rxb8 Rxb8 20. Ne3
Qxa2 21. Nxc4 Qxc4 22. h4 a5 23. Ra1 Rb3 24. Qd5 Qb5 25. c4 Qb6+ 26. Kh1 Rb2 27.
Be3 Qxe3 28. Qxc6 Qf2 29. Qc8+ Kg7 30. Qh3 h5 31. Kh2 Qc5 32. Ra4 Rb4 33. Qd7
Qe5+ 34. Kh3 Rb1 35. g3 Qd4 36. Ra2 Rh1+ 37. Rh2 Qg1 0-1

[Event "Helmut-Kohls-Turnier 2016"]
[Site "Dortmund GER"]
[Date "2016.07.17"]
[Round "9.1"]
[White "Van Meegen, Ruud"]
[Black "Baerwolf, Steven"]
[Result "1-0"]
[WhiteElo "2201"]
[BlackElo "2134"]
[WhiteFideId "1034995"]
[BlackFideId "24658634"]
[EventDate "2016.07.09"]

1. d4 d5 2. c4 e6 3. Nc3 c5 4. cxd5 exd5 5. Nf3 Nc6 6. Bg5 Be7 7. Bxe7 Ngxe7 8.
e3 Qb6 9. Qd2 cxd4 10. Nxd4 Nxd4 11. exd4 O-O 12. Be2 Rd8 13. O-O Nf5 14. Rad1
Qb4 15. Bf3 Be6 16. Rfe1 Rac8 17. a3 Qb3 18. Re5 Nh4 19. Be2 Ng6 20. Re3 Qb6 21.
Re1 Nh4 22. Na4 Qc6 23. Nc5 Nf5 24. Rc3 Re8 25. Bg4 Qd6 26. Nxb7 Qb6 27. Rxc8
Rxc8 28. Bxf5 Bxf5 29. Nc5 h6 30. Re3 Qg6 31. Rg3 Qd6 32. h3 Rb8 33. b4 Re8 34.
Re3 Rxe3 35. Qxe3 Be6 36. a4 Qb6 37. Qe1 Kh8 38. b5 Kh7 39. Qb4 Bc8 40. a5 Qg6
41. Qb3 Qg5 42. b6 axb6 43. axb6 g6 44. b7 Bxb7 45. Nxb7 Qc1+ 46. Kh2 Qc7+ 47.
g3 1-0

[Event "Helmut-Kohls-Turnier 2016"]
[Site "Dortmund GER"]
[Date "2016.07.17"]
[Round "9.2"]
[White "Pajeken, Jakob Leon"]
[Black "Ramsdal, Jens Albert"]
[Result "0-1"]
[WhiteElo "2051"]
[BlackElo "2204"]
[WhiteFideId "12942839"]
[BlackFideId "1429221"]
[EventDate "2016.07.09"]

1. e4 c5 2. Nf3 e6 3. d4 cxd4 4. Nxd4 Nc6 5. Nc3 Qc7 6. Be3 a6 7. Qf3 b5 8. Nxc6
Qxc6 9. Bd3 Bb7 10. Qg3 Rc8 11. a3 Nf6 12. O-O h5 13. Bg5 Bd6 14. f4 Bc5+ 15.
Kh1 Bd4 16. Bxf6 gxf6 17. Qg7 Rf8 18. Nd1 Ke7 19. Qg3 Rg8 20. Qh3 f5 21. Re1
fxe4 22. Bxe4 Qxe4 23. Rxe4 Bxe4 24. Ne3 Bxe3 25. Qxe3 Bxg2+ 26. Kg1 Rxc2 27.
Rc1 Bd5+ 28. Kf1 Bc4+ 29. Ke1 Rxc1+ 0-1

[Event "Helmut-Kohls-Turnier 2016"]
[Site "Dortmund GER"]
[Date "2016.07.17"]
[Round "9.3"]
[White "Gerlagh, Joris"]
[Black "Thogersen, Rasmus"]
[Result "1-0"]
[WhiteElo "2172"]
[BlackElo "2205"]
[WhiteFideId "1038834"]
[BlackFideId "1431412"]
[EventDate "2016.07.09"]

1. d4 Nf6 2. c4 g6 3. g3 Bg7 4. Bg2 O-O 5. Nc3 d6 6. Nf3 Nbd7 7. O-O e5 8. e4
exd4 9. Nxd4 Nc5 10. h3 Re8 11. Re1 a5 12. Rb1 c6 13. Bf4 Qb6 14. Bxd6 Ncxe4 15.
Bxe4 c5 16. Ndb5 Nxe4 17. Nxe4 Bf5 18. f3 Bxe4 19. Rxe4 Rxe4 20. fxe4 Rd8 21.
Qd5 1-0

[Event "Helmut-Kohls-Turnier 2016"]
[Site "Dortmund GER"]
[Date "2016.07.17"]
[Round "9.4"]
[White "Borchert, Rene"]
[Black "Koellner, Ruben Gideon"]
[Result "1-0"]
[WhiteElo "2181"]
[BlackElo "2103"]
[WhiteFideId "12990671"]
[BlackFideId "12993093"]
[EventDate "2016.07.09"]

1. e4 d6 2. d4 Nf6 3. Nc3 e5 4. dxe5 dxe5 5. Qxd8+ Kxd8 6. Bg5 Be6 7. O-O-O+ Kc8
8. f4 exf4 9. e5 Nfd7 10. Nf3 h6 11. Bxf4 g5 12. Bg3 Bg7 13. Bb5 a6 14. Bxd7+
Nxd7 15. Rhe1 Re8 16. Ne2 Bg4 17. Ned4 Bxf3 18. Nxf3 b6 19. h3 Nc5 20. Nd4 Kb7
21. Nf5 Bf8 22. b4 Ne6 23. Rd7 Bxb4 24. Rf1 Ba3+ 25. Kb1 Kc6 26. Rxf7 Rf8 27.
Rf6 Rxf6 28. exf6 Rf8 29. Nxh6 Nf4 30. Bxf4 Rxf6 31. Rf3 Rxh6 32. Bxg5 Rg6 33.
h4 Bd6 34. Kc1 Kd5 35. Kd2 Ke4 36. Ke2 b5 37. Re3+ Kd4 38. Kf3 b4 39. Rd3+ Ke5
40. Kg4 a5 41. h5 Rg8 42. h6 Bf8 43. Kh5 Bxh6 44. Kxh6 c5 45. Rd8 Rxd8 46. Bxd8
a4 47. g4 c4 48. g5 a3 49. Bf6+ Kf5 50. Ba1 b3 51. cxb3 1-0

[Event "Helmut-Kohls-Turnier 2016"]
[Site "Dortmund GER"]
[Date "2016.07.17"]
[Round "9.5"]
[White "Fluechter, Gregor"]
[Black "Baltic, Fatih"]
[Result "1/2-1/2"]
[WhiteElo "2182"]
[BlackElo "2103"]
[WhiteFideId "12903396"]
[BlackFideId "12979090"]
[EventDate "2016.07.09"]

1. e4 c5 2. f4 d5 3. exd5 Nf6 4. Bb5+ Bd7 5. Bxd7+ Qxd7 6. c4 e6 7. Nf3 exd5 8.
Ne5 Qd8 9. Qb3 Qc7 10. Nc3 a6 11. Nxd5 Nxd5 12. cxd5 f6 13. Nf3 Be7 14. O-O c4
15. Qe3 O-O 16. Kh1 Bc5 17. Qe4 Nd7 18. Qxc4 Qd6 19. d4 Ba7 20. Bd2 Nb6 21. Qc5
Qxc5 22. dxc5 Nxd5 23. g3 Rfd8 24. Rac1 Rd7 25. Rfd1 Kf7 26. Kg1 Rad8 27. Kf2
Ne7 28. Ba5 Re8 29. Bc3 Nc6 30. Rd2 Red8 31. Kg2 Rd5 32. Rcd1 1/2-1/2